zpět

Detail výsledku týmu

Pivovar Kolkovna - Praha 7, Praha

Datum a čas kvízu

24 Celkem bodů Celkový počet nahraných bodů na tomto kvízu bez doplňovacích otázek.
7. Pořadí na kvízu Konečné umístění týmu na tomto kvízu.

Zaznamenané odpovědi

# Otázka Odpověď Body Výsledky
1. V pátek přejel první vlak přes... Orlík 1
2. Během návštěvy Vladimira Putin... v Kazachstánu 0
3. Ve kterém roce byl zničen chrá... Dykuvzdání 0
4. Na závěr hledáme název českosl... o Německu 0
5. Ve čtvrtek začal evropský šamp... o házené 0
6. Začneme mladším (a slavnějším)... R.U.R. 0
7. Josef Čapek byl především malí... C 0
8. Přiřaďte k těmto literárním dí... 1D 2C 3B 4A 1
9. Doplňte dvouslovný název třetí... Obyčejný život 0
10. Napište název románu, jehož zá... Válka s Mloky 1